Maldives Rufiyaa Banknote Denominations - Statistics

General Stats
  • This quiz has been taken 14 times
  • The average score is 8 of 11
Answers on the Grid
Answers color-coded by a green-red scale on the quiz's grid according to % correct below.
1/2 Rufiyaa
1 Rufiyaa
2 Rufiyaa
3 Rufiyaa
4 Rufiyaa
5 Rufiyaa
10 Rufiyaa
15 Rufiyaa
20 Rufiyaa
25 Rufiyaa
30 Rufiyaa
40 Rufiyaa
50 Rufiyaa
75 Rufiyaa
100 Rufiyaa
250 Rufiyaa
500 Rufiyaa
750 Rufiyaa
1000 Rufiyaa
2000 Rufiyaa
5000 Rufiyaa
7500 Rufiyaa
10,000 Rufiyaa
100,000 Rufiyaa
1 Million Rufiyaa
 
Answer Stats
Answer % Correct
100 Rufiyaa
86%
2 Rufiyaa
86%
10 Rufiyaa
71%
1/2 Rufiyaa
71%
1 Rufiyaa
71%
20 Rufiyaa
71%
500 Rufiyaa
71%
50 Rufiyaa
71%
5 Rufiyaa
71%
1000 Rufiyaa
57%
5000 Rufiyaa
29%
No matching quizzes found
Score Distribution
Percent of People with Each Score
Percentile by Number Answered
Your Score History
You have not taken this quiz